Formación en patrimonio bibliográfico y documental : (Registro nro. 302)

Detalles MARC
000 -Cabecera
Campo de control interno 00500nam a2200181Ia 4500
005 - Fecha y hora del registro
control field 20260306132322.0
008 - Elementos de Longitud Fija
fixed length control field 260306t2024||||xx |||||||||||||| ||spa||
041 ## - Idioma
Codigo Idioma ESP
082 ## - DEWEY y NOTACIÓN INTERNA
Dewey 025.84
Notación Interna U61
110 ## - AUTOR INSTTITUCIONAL
Autor Institucional Universidad de Piura
245 #0 - TÍTULO DE MATERIAL BIBLIOGRÁFICO
Título Formación en patrimonio bibliográfico y documental :
Título paralelo el proyecto CODICIS Erasmus+ en Latinoamérica (2021-2024)
260 ## - CIUDAD, EDITORIAL, AÑO
Año 2024
300 ## - DESCRIPCIÓN
N° Páginas 176 páginas :
Dimensiones 24 cm.
650 ## - TEMAS
Temas Generalidades
654 ## - PROGRAMAS
Programa Dpto. de Humanidades
942 ## - ELEMENTOS DE KOHA
Tipo de documento Libro
Nombre del creador Justo Noguera
Código de catalogador Justo Noguera
Esquema de clasificación Dewey Decimal Classification
Existencias
Codigo completo Registro Colección Copia número Disponibilidad Tipo de préstamo Biblioteca Actual Procedencia (Biblioteca) Ubicacón Fecha Ingreso Tipo de Adquisición Date last seen Total checkouts Price effective from Tipo de Item Estado del Material Fuente de Clasificación Damaged status Withdrawn status
025.84 U61 1082025 Universidad Católica San Pablo 2 Disponible Disponible Víctor Andrés Belaunde Víctor Andrés Belaunde Planta baja abierta 03/06/2026 Donación 06/03/2026   06/03/2026 Libro Bueno Dewey Decimal Classification